El debate soviético sobre la ley del valor / (Registro nro. 7393)
[ vista simple ]
| 000 -LEADER | |
|---|---|
| fixed length control field | 01379nam a22002417a 4500 |
| 003 - CONTROL NUMBER IDENTIFIER | |
| control field | OSt |
| 005 - DATE AND TIME OF LATEST TRANSACTION | |
| control field | 20210301160111.0 |
| 008 - FIXED-LENGTH DATA ELEMENTS--GENERAL INFORMATION | |
| fixed length control field | 210301s1974 sp ||||gr|||| 00| 0 spa d |
| 040 ## - CATALOGING SOURCE | |
| Transcribing agency | CO-JMCR |
| Original cataloging agency | CO-JMCR |
| 041 0# - LANGUAGE CODE | |
| Language code of text/sound track or separate title | spa |
| 082 04 - DEWEY DECIMAL CLASSIFICATION NUMBER | |
| Classification number | 337.1 / |
| Item number | T858d |
| Edition number | 23 |
| 100 1# - MAIN ENTRY--PERSONAL NAME | |
| Personal name | Trotsky, |
| Relator term | autor |
| 9 (RLIN) | 14180 |
| 245 13 - TITLE STATEMENT | |
| Title | El debate soviético sobre la ley del valor / |
| Statement of responsibility, etc. | Trotsky, Bajarin, Preobrazhenski, [y 3 más] |
| 260 ## - PUBLICATION, DISTRIBUTION, ETC. | |
| Place of publication, distribution, etc. | Madrid, España : |
| Name of publisher, distributor, etc. | Alberto editores, |
| Date of publication, distribution, etc. | 1974 |
| 300 ## - PHYSICAL DESCRIPTION | |
| Extent | 315 páginas ; |
| Dimensions | 21 cm. |
| 490 0# - SERIES STATEMENT | |
| Series statement | Comunicación ; |
| Volume/sequential designation | 25 |
| 505 0# - FORMATTED CONTENTS NOTE | |
| Title | Informe sobre la nueva política económica soviética y las perspectiva de la revolución / |
| Statement of responsibility | Trotsky -- |
| Title | Las categorías económicas del capitalismo durante el periodo de transición / |
| Statement of responsibility | Bujarin -- |
| -- | Las perspectivas de la nueva política económica / |
| Title | Preobrazhensky -- |
| Statement of responsibility | Las cuestiones económicas al orden del día / |
| Title | Kamenev -- |
| Statement of responsibility | ¿Hacia el capitalismo o hacia el socialismo? / |
| Title | Trotsky -- |
| Statement of responsibility | El partido y el bloque de la oposición / |
| Title | Bujarin -- |
| Statement of responsibility | La utilidad del estudio teórico de la economía soviética / |
| Title | Preobrazhensky -- |
| Statement of responsibility | Sobre el regulador de la economía soviética / |
| Title | Lapidus y Ostrovitianov |
| 650 14 - SUBJECT ADDED ENTRY--TOPICAL TERM | |
| Topical term or geographic name entry element | Economía marxista. |
| 9 (RLIN) | 14181 |
| 650 14 - SUBJECT ADDED ENTRY--TOPICAL TERM | |
| Topical term or geographic name entry element | Rusia |
| General subdivision | Política económica |
| Chronological subdivision | 1917-1928 |
| 9 (RLIN) | 14182 |
| 700 1# - ADDED ENTRY--PERSONAL NAME | |
| Personal name | Bajarin, |
| Relator term | autor |
| 9 (RLIN) | 14183 |
| 700 1# - ADDED ENTRY--PERSONAL NAME | |
| Personal name | Preobrazhenski, |
| Relator term | autor |
| 9 (RLIN) | 14184 |
| 942 ## - ADDED ENTRY ELEMENTS (KOHA) | |
| Source of classification or shelving scheme | Dewey Decimal Classification |
| Koha item type | Books |
| Withdrawn status | Lost status | Source of classification or shelving scheme | Damaged status | Not for loan | Home library | Current library | Shelving location | Date acquired | Source of acquisition | Total Checkouts | Full call number | Barcode | Date last seen | Copy number | Price effective from | Koha item type |
|---|---|---|---|---|---|---|---|---|---|---|---|---|---|---|---|---|
| Dewey Decimal Classification | Biblioteca Pública José María del Castillo y Rada | Biblioteca Pública José María del Castillo y Rada | General Stacks | 02/25/2021 | Donación | 337.1 / T858d | 201810667 | 05/16/2024 | Ej.1 | 02/25/2021 | Books |